Štatistika jednoducho v Exceli

Salvato in:
Dettagli Bibliografici
Autore principale: Chajdiak, Jozef
Natura: Libro
Lingua:slovacco
Pubblicazione: Bratislava STATIS 2013
Soggetti:
Tags: Aggiungi Tag
Nessun Tag, puoi essere il primo ad aggiungerne!!

MARC

LEADER 00000nam a2200000 4500
001 0233526
005 20230109115004.0
020 |a 978-80-85659-74-0 
041 0 |a slo 
044 |a SK 
245 1 0 |a Štatistika jednoducho v Exceli  |c Jozef Chajdiak 
264 1 |a Bratislava  |b STATIS  |c 2013 
300 |a 341 s. 
610 2 0 |a štatistika 
610 2 0 |a údaje štatistické 
610 2 0 |a analýza štatistická 
610 2 0 |a tabuľky kontingenčné 
610 2 0 |a tabuľky štatistické 
610 2 0 |a grafy 
610 2 0 |a závislosť štatistická 
610 2 0 |a analýza korelačná 
610 2 0 |a analýza radov časových 
610 2 0 |a indexy 
610 2 0 |a odhad štatistický 
610 2 0 |a testovanie hypotéz 
610 2 0 |a experimenty 
610 2 0 |a testy 
610 2 0 |a riadenie kvality 
610 2 0 |a analýza dát 
610 2 0 |a pravdepodobnosť 
100 1 |a Chajdiak, Jozef